Quiz Culture Générale – Niveau Difficile #1 - Statistiques

Statistiques générales
  • Ce quiz a été pris 157 fois
  • Le résultat moyen est 7 sur 15
Statistiques - réponses
Question Réponse % Correct
Quel prix Nobel a été attribué à Marie Curie en premier : Physique ou Chimie ? Physique
87%
Quel est l’organe responsable de la production d’insuline ? Le pancréas
71%
Dans quel pays actuel se trouvait l’ancienne cité de Babylone ? Irak
70%
Quel pays possède la plus grande superficie forestière au monde ? Russie
69%
Dans quelle ville italienne se trouve le pont du Rialto ? Venise
58%
Quel pays d’Afrique n’a jamais été colonisé ? Ethiopie
53%
Quel est l'élément chimique de numéro atomique 79 ? L'or
48%
Quel est le nom complet de l’ADN ? Acide désoxyribonucléique
46%
Combien de temps met la lumière du Soleil pour atteindre la Terre ? 8 minutes
44%
Quel écrivain russe a écrit Les Frères Karamazov ? Fiodor Dostoïevski
37%
Comment s'appelle la forme de gouvernement où le pouvoir est détenu par les plus âgés ? Gérontocratie
30%
Quelle œuvre de Dante décrit un voyage à travers l’enfer, le purgatoire et le paradis ? La Divine Comédie
26%
Qui a découvert la radioactivité naturelle en 1896 ? Henri Becquerel
22%
Quel philosophe a écrit Le monde comme volonté et comme représentation ? Arthur Schopenhauer
7%
Quel mathématicien a résolu le dernier théorème de Fermat en 1994 ? Andrew Wiles
4%
Aucun quiz correspondant
Distribution des résultats
% des personnes avec chaque résultat
Percentile par nombre de réponses
Votre historique - résultats
Vous n’avez pas pris ce quiz